Richard Long: walking the line
Guardat en:
| Format: | Llibre |
|---|---|
| Idioma: | anglès |
| Publicat: |
Londres
Thames and Hudson
2002
|
| Edició: | 1a. ed |
| Matèries: | |
| Etiquetes: |
Afegir etiqueta
Sense etiquetes, Sigues el primer a etiquetar aquest registre!
|
MARC
| LEADER | 00000cam a2200000 a 4500 | ||
|---|---|---|---|
| 001 | UCE7129 | ||
| 003 | CL-VaPUC | ||
| 008 | 150529e20020000uk |||||||||||||||||eng|d | ||
| 020 | |a 0500284091 | ||
| 082 | 0 | 4 | |a 730.92 |b RIC |2 21 |
| 245 | 1 | 0 | |a Richard Long: walking the line |
| 250 | |a 1a. ed | ||
| 300 | |a 326 p | ||
| 942 | |c BK | ||
| 945 | |d 20150529 15:00:00 |a dcastane | ||
| 260 | |a Londres |b Thames and Hudson |c 2002 | ||
| 650 | 0 | |a Escultura |9 265737 | |
| 650 | 7 | |a ESCULTORES INGLESES |2 CL-VaPUC |9 498816 | |
| 650 | 0 | |a Artes visuales |9 336870 | |
| 650 | 0 | |a Artistas ingleses |9 408752 | |
| 583 | |a last modification |c 20150529 15:00:00 |k Rodrigo Vera | ||
| 999 | |c 359252 |d 359250 | ||
| 952 | |0 0 |1 0 |3 erb |4 0 |6 730_920000000000000_RIC_2002 |7 0 |8 R |9 468395 |a BIBART |b BIBART |i 5161312 |l 6 |o 730.92 RIC 2002 |p 5161312 |r 2025-03-13 |s 2023-06-12 |w 2019-11-23 |y BK_R |z Catalogado en:20150529 |k ART | ||